[Event "HUN-chT2 Breyer 1314"]
[Site "Hungary"]
[Date "2014.03.02"]
[Round "6.11"]
[White "Kovacs, Balazs"]
[Black "Zsigovics, Andras"]
[Result "1-0"]
[WhiteElo "1719"]
[BlackElo "1771"]
[PlyCount "99"]
[EventDate "2013.09.08"]
[EventType "team-tourn"]
[EventRounds "9"]
[EventCountry "HUN"]
[SourceTitle "EXT 2016"]
[Source "ChessBase"]
[SourceDate "2015.10.08"]
[SourceVersion "1"]
[SourceVersionDate "2015.10.08"]
[SourceQuality "1"]
[WhiteTeam "Tatabanya Turul"]
[BlackTeam "Pet"]
[WhiteTeamCountry "HUN"]
[BlackTeamCountry "HUN"]

1. e4 d6 2. d4 Nf6 3. Nc3 g6 4. f4 Bg7 5. Nf3 Bg4 6. h3 Bxf3 7. Qxf3 c6 8. Be3 0-0 9. Bc4 e6 10. 0-0 d5 11. Bd3 Nbd7 12. e5 Ne8 13. g4 f6 14. Qg3 f5 15. gxf5 gxf5 16. Kh2 Kh8 17. Rg1 Rg8 18. Be2 Qe7 19. Rg2 Qf7 20. Rag1 Nc7 21. Qh4 Nf8 22. Bh5 Qd7 23. Ne2 Ne8 24. Bd2 a5 25. Nc3 b5 26. Ne2 b4 27. Nc1 Ra7 28. Nb3 h6 29. Bg6 Nxg6 30. Rxg6 Qf7 31. c3 Kh7 32. R6g2 a4 33. Nc5 bxc3 34. Bxc3 Nc7 35. Qg3 Nb5 36. Qg6+ Qxg6 37. Rxg6 a3 38. Nxe6 axb2 39. Bxb2 Rb7 40. Nc5 Ra7 41. a4 Nc7 42. Nd7 Raa8 43. Rxc6 Na6 44. Ba3 Nb8 45. Nxb8 Raxb8 46. a5 Rb3 47. Bc5 Rb2+ 48. Kh1 Ra2 49. a6 Rf2 50. Rc7 1-0

[Event "HUN-chT2 Breyer 1314"]
[Site "Hungary"]
[Date "2014.02.16"]
[Round "5.9"]
[White "Zsigovics, Andras"]
[Black "Balogh, Peter1111"]
[Result "0-1"]
[WhiteElo "1775"]
[BlackElo "2075"]
[PlyCount "74"]
[EventDate "2013.09.08"]
[EventType "team-tourn"]
[EventRounds "9"]
[EventCountry "HUN"]
[SourceTitle "EXT 2016"]
[Source "ChessBase"]
[SourceDate "2015.10.08"]
[SourceVersion "1"]
[SourceVersionDate "2015.10.08"]
[SourceQuality "1"]
[WhiteTeam "Pet"]
[BlackTeam "Kisber Aszar"]
[WhiteTeamCountry "HUN"]
[BlackTeamCountry "HUN"]

1. d4 Nf6 2. c4 c5 3. d5 e6 4. Nc3 exd5 5. cxd5 d6 6. e4 g6 7. Nf3 Bg7 8. Be2 0-0 9. 0-0 Re8 10. Bf4 Nxe4 11. Qc2 Nxc3 12. bxc3 Qf6 13. Bb5 Bd7 14. Bxd7 Nxd7 15. Bd2 b5 16. a4 a6 17. Rab1 Rab8 18. axb5 axb5 19. Qd3 c4 20. Qc2 Ne5 21. Nd4 Qh4 22. Nxb5 Nd3 23. Nxd6 Rxb1 24. Qxb1 Rd8 25. g3 Qh3 26. Nxc4 Rxd5 27. Qb8+ Bf8 28. Be3 Rh5 29. Rd1 Qxh2+ 30. Kf1 Qh3+ 31. Ke2 Qg4+ 32. Kd2 Qxc4 33. Ra1 Nc5 34. Kc2 Qd3+ 35. Kb2 Qe2+ 36. Kb1 Rh1+ 37. Bc1 Nd3 0-1